00239nam a2200097Ia 4500008004100000100002000041245003900061260002000100260000900120546001200129170619s9999 xx 000 0 und d aShapiro- Alan C 0aMultinational financial management bNew Delhi P H I c2004 aENGLISH